header

The History of linguistics in the classical period (Record no. 116402)

MARC details
000 -LEADER
fixed length control field 01668nam a2200361 a 4500
082 04 - DEWEY DECIMAL CLASSIFICATION NUMBER
Classification number 410/.9/015
245 04 - TITLE STATEMENT
Title The History of linguistics in the classical period
260 ## - PUBLICATION, DISTRIBUTION, ETC. (IMPRINT)
Place of publication Amsterdam ;
-- Philadelphia :
Name of publisher J. Benjamins Pub. Co.,
Year of publication 1987.
300 ## - PHYSICAL DESCRIPTION
Number of Pages xii, 298 p.
490 1# - SERIES STATEMENT
Series statement Amsterdam studies in the theory and history of linguistic science. Series III, Studies in the history of the language sciences,
650 #0 - SUBJECT ADDED ENTRY--TOPICAL TERM
Topical Term Classical languages
Topical Term Classical philology
Topical Term Linguistics
700 1# - ADDED ENTRY--PERSONAL NAME
Personal name Taylor, Daniel J.
856 40 - ELECTRONIC LOCATION AND ACCESS
Uniform Resource Identifier http://site.ebrary.com/lib/rucke/Doc?id=10509510

No items available.

© 2026 Rongo University
Contact us: librarian | system librarian | Rongo university